[Event "Palmira op"]
[Site "Palmira"]
[Date "2018.09.23"]
[Round "6"]
[White "Urbano, Santiago"]
[Black "Simancas Maradei, Miguel Alejandro"]
[Result "0-1"]
[WhiteElo "1646"]
[BlackElo "2053"]
[PlyCount "72"]
[EventDate "2018.09.20"]
[EventType "swiss"]
[EventRounds "7"]
[EventCountry "COL"]
[SourceTitle "CBM 187 Extra"]
[Source "ChessBase"]
[SourceDate "2018.11.04"]
[SourceVersion "1"]
[SourceVersionDate "2018.11.04"]
[SourceQuality "1"]

1. e4 e5 2. Nf3 Nc6 3. Nc3 Nf6 4. Bb5 Bd6 5. d3 h6 6. Ne2 Ne7 7. 0-0 0-0 8. Ng3 c6 9. Ba4 a5 10. c3 Bc7 11. Re1 b5 12. Bc2 d6 13. h3 Be6 14. d4 Qc8 15. Nh4 Ng6 16. Nhf5 d5 17. exd5 Nxd5 18. dxe5 Bxe5 19. Qd3 Bxg3 20. Nxg3 Rd8 21. Qf3 Nde7 22. Be3 Qc7 23. Rad1 Rxd1 24. Rxd1 Rd8 25. Rxd8+ Qxd8 26. a3 Qc7 27. Bc5 Ne5 28. Qe4 f5 29. Qd4 N7g6 30. Bd6 c5 31. Bxc5 Qf7 32. Qd8+ Kh7 33. Qxa5 Qd7 34. Qa7 Qd5 35. Bd4 Nf4 36. Qc5 Qxg2# 0-1

[Event "Palmira op"]
[Site "Palmira"]
[Date "2018.09.20"]
[Round "1"]
[White "Herrera, Juan Sebastian"]
[Black "Urbano, Santiago"]
[Result "1-0"]
[WhiteElo "2303"]
[BlackElo "1646"]
[PlyCount "41"]
[EventDate "2018.09.20"]
[EventType "swiss"]
[EventRounds "7"]
[EventCountry "COL"]
[SourceTitle "CBM 187 Extra"]
[Source "ChessBase"]
[SourceDate "2018.11.04"]
[SourceVersion "1"]
[SourceVersionDate "2018.11.04"]
[SourceQuality "1"]

1. d4 Nf6 2. c4 d5 3. cxd5 Nxd5 4. e4 Nf6 5. Nc3 e6 6. Bg5 h6 7. Be3 Bb4 8. Qa4+ Nc6 9. Bb5 Bd7 10. f3 a6 11. Bxc6 Bxc3+ 12. bxc3 Bxc6 13. Qc2 Qe7 14. Ne2 0-0 15. g4 Rad8 16. g5 hxg5 17. Bxg5 e5 18. d5 Bb5 19. Ng3 Bd7 20. Nh5 Rfe8 21. Bxf6 1-0

[Event "COL pre olympic sf3"]
[Site "Dosquebradas"]
[Date "2018.06.03"]
[Round "9"]
[White "Pelaez, Hernan"]
[Black "Urbano, Santiago"]
[Result "0-1"]
[WhiteElo "1737"]
[BlackElo "1426"]
[PlyCount "48"]
[EventDate "2018.05.30"]
[EventType "swiss"]
[EventRounds "10"]
[EventCountry "COL"]
[SourceTitle "CBM 184 Extra"]
[Source "ChessBase"]
[SourceDate "2018.06.28"]
[SourceVersion "1"]
[SourceVersionDate "2018.06.28"]
[SourceQuality "1"]

1. g3 d5 2. Bg2 Bg4 3. c4 c6 4. cxd5 cxd5 5. Qb3 Nf6 6. Qxb7 Nbd7 7. Nc3 e6 8. d4 Rb8 9. Qxa7 Ra8 10. Qb7 Rb8 11. Qa6 Bb4 12. Bf4 Rb6 13. Qa4 0-0 14. a3 Bxc3+ 15. bxc3 Qc8 16. Qc2 Qb7 17. Bh3 Rb2 18. Qd3 Bh5 19. Kf1 Bg6 20. Qe3 Rc8 21. Nf3 Rc2 22. Bd6 R8xc3 23. Qf4 Qa6 24. Re1 Rxf3 0-1

[Event "COL pre olympic sf3"]
[Site "Dosquebradas"]
[Date "2018.06.03"]
[Round "8"]
[White "Urbano, Santiago"]
[Black "Ortegon Villacorte, Linda Daniela"]
[Result "0-1"]
[WhiteElo "1426"]
[BlackElo "1879"]
[PlyCount "20"]
[EventDate "2018.05.30"]
[EventType "swiss"]
[EventRounds "10"]
[EventCountry "COL"]
[SourceTitle "CBM 184 Extra"]
[Source "ChessBase"]
[SourceDate "2018.06.28"]
[SourceVersion "1"]
[SourceVersionDate "2018.06.28"]
[SourceQuality "1"]

1. e4 e6 2. d4 d5 3. exd5 exd5 4. Nf3 Nf6 5. Bd3 Be7 6. 0-0 0-0 7. Bf4 Bg4 8. h3 Bh5 9. Re1 Nbd7 10. Nbd2 Re8 0-1

[Event "COL pre olympic sf3"]
[Site "Dosquebradas"]
[Date "2018.06.02"]
[Round "7"]
[White "Suarez Zapata, Hernando"]
[Black "Urbano, Santiago"]
[Result "1-0"]
[WhiteElo "1924"]
[BlackElo "1426"]
[PlyCount "113"]
[EventDate "2018.05.30"]
[EventType "swiss"]
[EventRounds "10"]
[EventCountry "COL"]
[SourceTitle "CBM 184 Extra"]
[Source "ChessBase"]
[SourceDate "2018.06.28"]
[SourceVersion "1"]
[SourceVersionDate "2018.06.28"]
[SourceQuality "1"]

1. d4 d5 2. c4 dxc4 3. e3 e5 4. Bxc4 exd4 5. Qxd4 Qxd4 6. exd4 Nc6 7. Ne2 Bd6 8. Nbc3 Nge7 9. 0-0 Bf5 10. Be3 Na5 11. Bb5+ c6 12. Ba4 b5 13. Bd1 Nc4 14. b3 Nb2 15. Nf4 Nxd1 16. Rfxd1 a6 17. f3 h5 18. Ne4 0-0-0 19. Rac1 Kb7 20. Nd3 Nd5 21. Bf2 Ba3 22. Rc2 Nb4 23. Ndc5+ Ka8 24. Rcd2 f6 25. Bg3 h4 26. Bc7 Rd5 27. Nc3 h3 28. Nxd5 Nxd5 29. Bg3 Bxc5 30. dxc5 hxg2 31. Re1 Bh3 32. Rde2 Kb7 33. Re8 Rxe8 34. Rxe8 a5 35. a3 Nc3 36. Be1 b4 37. axb4 axb4 38. Re3 Nd5 39. Re4 Ka6 40. Bxb4 Kb5 41. Ba3 g5 42. Re8 Nf4 43. Bc1 Nd3 44. Be3 Ne5 45. Kf2 g4 46. Rxe5 fxe5 47. Kg3 g1Q+ 48. Bxg1 Bf1 49. fxg4 Kb4 50. h4 Kxb3 51. g5 Be2 52. g6 Bh5 53. g7 Bf7 54. h5 Kc4 55. h6 Bg8 56. Kg4 Kd5 57. Kf5 1-0

[Event "COL pre olympic sf3"]
[Site "Dosquebradas"]
[Date "2018.05.31"]
[Round "2"]
[White "Urbano, Santiago"]
[Black "Varela, Maria de los Angele"]
[Result "1/2-1/2"]
[WhiteElo "1426"]
[BlackElo "1794"]
[PlyCount "95"]
[EventDate "2018.05.30"]
[EventType "swiss"]
[EventRounds "10"]
[EventCountry "COL"]
[SourceTitle "CBM 184 Extra"]
[Source "ChessBase"]
[SourceDate "2018.06.28"]
[SourceVersion "1"]
[SourceVersionDate "2018.06.28"]
[SourceQuality "1"]

1. e4 c5 2. c3 d5 3. exd5 Qxd5 4. Na3 a6 5. Nc4 Nf6 6. Nf3 Bg4 7. Ne3 Qd7 8. Be2 Nc6 9. 0-0 e6 10. d3 Be7 11. Nc4 Qc7 12. h3 Bh5 13. a4 0-0 14. a5 Rad8 15. Qc2 Bg6 16. Bg5 Nd5 17. Bxe7 Qxe7 18. Nfe5 Nxe5 19. Nxe5 Nf4 20. Nxg6 hxg6 21. Rfd1 Qg5 22. Bf3 Nxh3+ 23. Kf1 Nf4 24. Bxb7 Rd7 25. Bf3 Rfd8 26. d4 cxd4 27. Rxd4 Rxd4 28. cxd4 Qb5+ 29. Be2 Nxe2 30. Qxe2 Qxe2+ 31. Kxe2 Rxd4 32. Rb1 Kf8 33. b4 Rd5 34. b5 axb5 35. a6 Rd6 36. Ra1 Rd8 37. a7 Ra8 38. Kd3 Ke7 39. Kd4 Kd6 40. Ra6+ Kc7 41. Kc5 Kb7 42. Kxb5 Rxa7 43. Rxa7+ Kxa7 44. Kc6 e5 45. Kd6 e4 46. Ke5 Kb7 47. Kxe4 Kc7 48. Ke5 1/2-1/2

[Event "COL-ch U20"]
[Site "Buenaventura"]
[Date "2018.03.03"]
[Round "6"]
[White "Urbano, Santiago"]
[Black "Londono, Neider Farid"]
[Result "0-1"]
[WhiteElo "1412"]
[BlackElo "1799"]
[PlyCount "49"]
[EventDate "2018.02.28"]
[EventType "swiss"]
[EventRounds "6"]
[EventCountry "COL"]
[SourceTitle "EXT 2019"]
[Source "ChessBase"]
[SourceDate "2018.10.10"]
[SourceVersion "1"]
[SourceVersionDate "2018.10.10"]
[SourceQuality "1"]

1. e4 c5 2. c3 d5 3. exd5 Qxd5 4. d4 cxd4 5. cxd4 Nc6 6. Nc3 Qa5 7. d5 Nb8 8. Bc4 Nf6 9. Nf3 g6 10. 0-0 Bg7 11. Re1 Qc5 12. Bb5+ Bd7 13. Bxd7+ Nbxd7 14. d6 e6 15. Qd3 0-0 16. Nb5 Nd5 17. Bd2 a6 18. Nc7 Nxc7 19. dxc7 Qxc7 20. Rac1 Qd8 21. Qb3 Qb6 22. Bb4 Rfc8 23. Qa3 Nf6 24. Bc5 Qc7 25. Qa4 0-1

[Event "COL-ch"]
[Site "Palmira"]
[Date "2017.05.20"]
[Round "9"]
[White "Urbano, Santiago"]
[Black "Ossa Ramirez, Jesus Antonio"]
[Result "0-1"]
[WhiteElo "1442"]
[BlackElo "1695"]
[PlyCount "42"]
[EventDate "2017.05.15"]
[EventType "swiss"]
[EventRounds "10"]
[EventCountry "COL"]
[SourceTitle "CBM 178 Extra"]
[Source "ChessBase"]
[SourceDate "2017.06.22"]
[SourceVersion "1"]
[SourceVersionDate "2017.06.22"]
[SourceQuality "1"]

1. e4 e5 2. Nf3 Nc6 3. Bb5 d6 4. c3 Bd7 5. 0-0 Nf6 6. Qe2 a6 7. Ba4 b5 8. Bb3 h6 9. d4 Bg4 10. Rd1 Be7 11. h3 Bh5 12. g4 Nxg4 13. hxg4 Bxg4 14. Bxf7+ Kf8 15. Bd5 Qd7 16. dxe5 Bh3 17. e6 Qe8 18. Kh2 Qh5 19. Qe3 Bg4+ 20. Kg3 Qh3+ 21. Kf4 g5+ 0-1

[Event "COL-ch"]
[Site "Palmira"]
[Date "2017.05.19"]
[Round "7"]
[White "Urbano, Santiago"]
[Black "Gonzalez, Leandro"]
[Result "0-1"]
[WhiteElo "1442"]
[BlackElo "1614"]
[PlyCount "44"]
[EventDate "2017.05.15"]
[EventType "swiss"]
[EventRounds "10"]
[EventCountry "COL"]
[SourceTitle "CBM 178 Extra"]
[Source "ChessBase"]
[SourceDate "2017.06.22"]
[SourceVersion "1"]
[SourceVersionDate "2017.06.22"]
[SourceQuality "1"]

1. b3 c5 2. Bb2 d5 3. e3 Nc6 4. Bb5 Bd7 5. Nf3 e6 6. 0-0 Nf6 7. c4 Bd6 8. cxd5 exd5 9. Re1 0-0 10. d3 a6 11. Bxc6 Bxc6 12. Nbd2 Re8 13. Rc1 Rc8 14. Qc2 b6 15. e4 dxe4 16. dxe4 Bf4 17. Rcd1 Qe7 18. Qc3 Rcd8 19. Nc4 Rxd1 20. Rxd1 b5 21. Ncd2 b4 22. Qc4 Nxe4 0-1

[Event "COL-ch"]
[Site "Palmira"]
[Date "2017.05.16"]
[Round "3"]
[White "Urbano, Santiago"]
[Black "Sanchez, Victor Hugo"]
[Result "0-1"]
[WhiteElo "1442"]
[BlackElo "2260"]
[PlyCount "45"]
[EventDate "2017.05.15"]
[EventType "swiss"]
[EventRounds "10"]
[EventCountry "COL"]
[SourceTitle "CBM 178 Extra"]
[Source "ChessBase"]
[SourceDate "2017.06.22"]
[SourceVersion "1"]
[SourceVersionDate "2017.06.22"]
[SourceQuality "1"]

1. e4 c5 2. c3 Nf6 3. e5 Nd5 4. Nf3 d6 5. d4 cxd4 6. exd6 Qxd6 7. Nxd4 a6 8. a4 e5 9. Nf3 Nc6 10. Bc4 Be6 11. 0-0 Be7 12. Qe2 Rd8 13. Nbd2 Nf4 14. Qe4 f5 15. Qc2 e4 16. Ne1 Ne5 17. Bxe6 Nxe6 18. Nxe4 fxe4 19. Qxe4 Qd5 20. Qe2 0-0 21. Nc2 Bc5 22. b4 Rxf2 23. Rxf2 0-1

[Event "Buenaventura sf2 U16"]
[Site "Buenaventura"]
[Date "2017.03.19"]
[Round "4.6"]
[White "Lopez Rayo, Santiago"]
[Black "Urbano, Santiago"]
[Result "0-1"]
[WhiteElo "1547"]
[BlackElo "1376"]
[PlyCount "37"]
[EventDate "2017.03.17"]
[EventType "swiss"]
[EventRounds "6"]
[EventCountry "COL"]
[SourceTitle "EXT 2024"]
[Source "ChessBase"]
[SourceDate "2023.10.10"]
[SourceVersion "1"]
[SourceVersionDate "2023.10.10"]
[SourceQuality "1"]

1. e4 Nf6 2. Nc3 e5 3. Nf3 Nc6 4. Bc4 Bc5 5. 0-0 d6 6. h3 0-0 7. d3 h6 8. Be3 Bb6 9. Ne2 Be6 10. Bb3 Qd7 11. Ng3 Ne7 12. c3 Ng6 13. d4 Bxb3 14. axb3 Rfe8 15. Qc2 Rad8 16. Rfd1 Qe7 17. Re1 exd4 18. Bxd4 Bxd4 19. Nxd4 0-1

[Event "Buenaventura sf2 U16"]
[Site "Buenaventura"]
[Date "2017.03.17"]
[Round "1.2"]
[White "Urbano, Santiago"]
[Black "Oliveros, Camilo"]
[Result "0-1"]
[WhiteElo "1376"]
[BlackElo "2030"]
[PlyCount "38"]
[EventDate "2017.03.17"]
[EventType "swiss"]
[EventRounds "6"]
[EventCountry "COL"]
[SourceTitle "EXT 2024"]
[Source "ChessBase"]
[SourceDate "2023.10.10"]
[SourceVersion "1"]
[SourceVersionDate "2023.10.10"]
[SourceQuality "1"]

1. d4 Nf6 2. Bf4 d6 3. Nf3 g6 4. e3 Bg7 5. Nbd2 0-0 6. Bd3 c5 7. dxc5 dxc5 8. 0-0 Nc6 9. a3 Nd5 10. Rb1 Nxf4 11. exf4 Qc7 12. Ne4 b6 13. Qc1 Bg4 14. Qe3 Bxf3 15. Qxf3 Nd4 16. Qe3 c4 17. c3 Nf5 18. Qe2 cxd3 19. Qxd3 Qxf4 0-1

[Event "COL-ch U18 sf3"]
[Site "Buenaventura"]
[Date "2016.06.10"]
[Round "1.3"]
[White "Calero, Hector Andres"]
[Black "Urbano, Santiago"]
[Result "1-0"]
[WhiteElo "1845"]
[BlackElo "1384"]
[PlyCount "67"]
[EventDate "2016.06.09"]
[EventType "swiss"]
[EventRounds "5"]
[EventCountry "COL"]
[SourceTitle "EXT 2024"]
[Source "ChessBase"]
[SourceDate "2023.10.10"]
[SourceVersion "1"]
[SourceVersionDate "2023.10.10"]
[SourceQuality "1"]

1. e4 c5 2. Nf3 d6 3. d4 cxd4 4. Nxd4 Nf6 5. Nc3 Nc6 6. Bg5 a6 7. Qd2 e6 8. 0-0-0 h6 9. Bh4 Be7 10. Be2 Qc7 11. g4 g5 12. Bg3 e5 13. Nf5 Bxf5 14. exf5 0-0-0 15. Bc4 Nd4 16. Bxf7 Rhf8 17. Nd5 Nxd5 18. Bxd5 Kb8 19. Kb1 Ka8 20. Qd3 Qa5 21. Qe4 Rd7 22. c3 Nb5 23. a4 Na7 24. f3 Rc7 25. Bf2 Nc8 26. Qc2 Nb6 27. b4 Qxa4 28. Bxb6 Qxc2+ 29. Kxc2 Rcc8 30. b5 axb5 31. Ra1+ Kb8 32. Ra7 Bd8 33. Rxb7+ Ka8 34. Ra1# 1-0

[Event "Cali Region-ch"]
[Site "Cali"]
[Date "2016.03.11"]
[Round "1"]
[White "Palechor, Andres Fernando"]
[Black "Urbano, Santiago"]
[Result "1-0"]
[WhiteElo "1869"]
[BlackElo "1380"]
[PlyCount "27"]
[EventDate "2016.03.11"]
[EventType "swiss"]
[EventRounds "7"]
[EventCountry "COL"]
[SourceTitle "CBM 171 Extra"]
[Source "ChessBase"]
[SourceDate "2016.04.26"]
[SourceVersion "1"]
[SourceVersionDate "2016.04.26"]
[SourceQuality "1"]

1. e4 c5 2. c3 g6 3. d4 cxd4 4. cxd4 Bg7 5. Nc3 d6 6. Bd3 Bd7 7. Nge2 Nc6 8. Be3 Nh6 9. h3 0-0 10. Qd2 e5 11. Bxh6 exd4 12. Bxg7 Kxg7 13. Nb5 Qb6 14. 0-0 1-0